Ni pido ni doy cuartel

Detalles Bibliográficos
Autor principal: Martn̕ez, Paulino
Formato: eBook
Lenguaje:español
Publicado: Ciudad de Mx̌ico: Cm̀ara de Diputados, 2014
Materias:
Acceso en línea:Acceso restringido

MARC

LEADER 00000nam a22000007a 4500
005 20171022161819.0
007 cr|||| ||||
008 171022s2014 mx |||||s|||| 00||0 spa d
035 |a 20734 
040 |a vLex 
090 |c 7131  |d 7131 
100 1 |a Martn̕ez, Paulino 
245 1 0 |a Ni pido ni doy cuartel  |h [Recurso electrn̤ico] /  |c Paulino Martn̕ez  
256 |a Servicio en ln̕ea 
260 |a Ciudad de Mx̌ico:  |b Cm̀ara de Diputados,  |c 2014 
300 |a 1 recurso electrn̤ico (100p.) 
506 1 |a Disponible solo en los productos indicados  |d vLex Global  |d vLex Global (Academic Edition, excluding Law Schools)  |d vLex Global (U.S. Academic Edition, Law Schools)  |d vLex Global (U.S. Academic Edition, excluding Law Schools)  |d vLex Global (Academic Edition, Law Schools) 
650 0 4 |a Derecho constitucional  |z Mx̌ico 
740 0 |a vLex Libros (Servicio en ln̕ea) 
856 4 0 |u http://vlex.com/source/ni-pido-ni-doy-cuartel-20734  |z Acceso restringido 
942 |c BOOK 
999 0 |a Constitutional law